000 01296nam a22003851i 4500
999 _c2041
_d2041
001 020750885
003 UkOxU
005 20230302153139.0
008 160317r20162015enka j 000|f|eng|d
015 _aGBB661155
_2bnb
016 7 _a017834618
_2Uk
020 _a9781471168659 (pbk.) :
_c£6.99
035 _a(Uk)017834618
040 _aStDuBDS
_beng
_erda
_cStDuBDS
_dUk
_dKH8
042 _aukblsr
082 0 4 _aFIC RUS
_223
100 1 _aRussell, Rachel Renée,
_eauthor,
_eillustrator.
240 1 0 _aTales from a not-so-perfect pet sitter
245 1 0 _aPuppy love /
_cRachel Renée Russell with Nikki Russell and Erin Russell.
264 1 _aLondon :
_bSimon & Schuster Children's,
_c2016.
300 _a291 pages :
_billustrations (black and white) ;
_c20 cm.
336 _atext
_2rdacontent
336 _astill image
_2rdacontent
337 _aunmediated
_2rdamedia
338 _avolume
_2rdacarrier
490 0 _aDork diaries
500 _aOriginally published: as Tales from a not-so-perfect pet sitter. New York: Aladdin, 2015.
500 _aFormerly CIP.
_5Uk
600 1 0 _aMaxwell, Nikki J.
_vJuvenile fiction.
655 0 _aDiary fiction.
655 0 _aChildren's stories.
700 1 _aRussell, Nikki,
_eauthor.
700 1 _aRussell, Erin,
_eauthor.
942 _2ddc
_cFIC